=LDR 00000nam 2200000 4500 =001 INLIS000000000014724 =005 20130612110013 =008 ***********************************Ind** =035 ##$$0010-061300000014724 =041 ##$$a Ind =082 ##$$a 633.88 =090 ##$$a 633.88, Har m =100 ##$$a Harmanto, Ning =245 ##$$a Mahkota dewa obat pusaka para dewa, Ning harmanto =260 ##$$a 2004 $b Jakarta =300 ##$$a vii, 110 hlm, lus, 24 cm =650 ##$$a Tanaman Obat =700 ##$$a Tanudi =850 ##$$a NBPNMAT